• 首页
  • 本馆介绍
  • 公告通知
  • 最新文献
  • 馆藏检索
  • 电子资源
  • 读者导购
  • 参考咨询
  • 我的图书馆
  • 登录
  • 详细信息显示
  • 放入我的书架
  • 预约/预借图书
  • 作者相关作品
  • 分类相关作品
  • 丛书相关作品
  • 出版社相关作品

书目信息

  • 表格格式
  • 工作单格式
  • 卡片格式
题名:
马克思列宁主义社会学原理
    
 
作者: 阿斯曼 , 斯托贝格 著 ;李景琪 , 贾稚岩 , 王雅林 , 姜长斌 译
分册:  
出版信息: 哈尔滨   黑龙江人民出版社  1983.8
页数: 353页
开本: 20cm
丛书名:
单 册:
中图分类: C910
科图分类:
主题词: 社会学
电子资源:
ISBN:
000 00848nam0 2200265 45
001 0309240986
005 20040420150725.7
010    @dCNY1.20
091    @a3093.286
100    @a20030924d1983 km y0chiy0120 ea
101 0  @achi
105    @a z 000yy
200 1  @a马克思列宁主义社会学原理@AMa Ke Si Lie Ning Zhu Yi She Hui Xue Yuan Li@f(德)H·v·G·阿斯曼,R·斯托贝格著@F(De)H·v·G·A Si Man,R·Si Tuo Bei Ge Zhu@g李景琪,贾稚岩,王雅林译@g姜长斌校
210    @a哈尔滨@c黑龙江人民出版社@d1983.8
215    @a353页@d20cm
606 0  @a社会学
690    @aC910@v3
701  0 @a阿斯曼@4著
701  0 @a斯托贝格@4著
702  0 @a李景琪@ALi Jing Qi@4译
702  0 @a贾稚岩@AJia Zhi Yan@4译
702  0 @a王雅林@AWang Ya Lin@4译
702  0 @a姜长斌@AJiang Chang Bin@4校
801    @aCN@bTSTC@c20030924
905    @dC910@e26@f3@b165474-476
    
    马克思列宁主义社会学原理/(德)H·v·G·阿斯曼,R·斯托贝格著/李景琪,贾稚岩,王雅林译/姜长斌校.-哈尔滨:黑龙江人民出版社,1983.8
    353页;20cm
    
    
    ISBN :CNY1.20
    
●
相关链接 在E读中查询图书 在五车中查询图书 在当当中查询图书 在豆瓣中查询图书


正题名:马克思列宁主义社会学原理     索取号:C910/26         预约/预借

序号 登录号 条形码 馆藏地/架位号 状态 备注
1 0099753   001025544   第一样本阅览室/ [索取号:C910/26] 在馆    
2 0099754   001833387   密集书库/ [索取号:C910/26] 在馆    
3 0099755   001833421   密集书库/ [索取号:C910/26] 在馆    
4 0165474   000364634   密集书库/ [索取号:C910/26] 在馆    
5 0165475   000364625   密集书库/ [索取号:C910/26] 在馆    
6 0165476   000364643   密集书库/ [索取号:C910/26] 在馆    
唐山师范学院图书馆 欢迎您!
大连网信软件有限公司© 版权所有